|
|
|
|
| LEADER |
01348nam a2200265 a 4500 |
| 001 |
14254757 |
| 008 |
100524s2006 enk b 001 0deng d |
| 010 |
|
|
|a \\2006004010
|
| 020 |
|
|
|a 0415385423 (paper back)
|
| 020 |
|
|
|a 0415385431 (hard back)
|
| 040 |
|
|
|a DLC
|c DLC
|d DLC
|d BD-DhAAL
|
| 082 |
0 |
0 |
|a 301.092
|2 22
|
| 100 |
1 |
|
|a Gane, Mike.
|
| 245 |
1 |
0 |
|a Auguste Comte /
|c Mike Gane.
|
| 260 |
|
|
|a Abingdon, Oxon ;
|a New York :
|b Routledge,
|c 2006.
|
| 300 |
|
|
|a xv, 158 p. ;
|c 20 cm.
|
| 504 |
|
|
|a Includes bibliographical references and index.
|
| 505 |
0 |
|
|a An introduction to Comte's ideas -- The Comtean illusion -- The context and materials of sociology -- The intimations of social science and a new politics -- Comte's heretical report on knowledge -- But why did Comte need sociology? -- A sociological theory of modernity -- A second sociology -- Spiritual supra-state power, sociology and humanity -- Sociologists and the regime of the fetishes -- Comte's futures.
|
| 541 |
1 |
|
|e 00020283
|
| 600 |
1 |
0 |
|a Comte, Auguste,
|d 1798-1857.
|
| 650 |
|
0 |
|a Sociology
|x History.
|
| 650 |
|
0 |
|a Sociologists
|z France
|v Biography.
|
| 852 |
4 |
|
|a Ayesha Abed Library
|j General Shelf
|
| 999 |
|
|
|c 8700
|d 8700
|
| 952 |
|
|
|0 0
|1 0
|2 ddc
|4 0
|6 301_092000000000000_GAN_2006
|7 0
|9 10470
|a BRACUL
|b BRACUL
|c GEN
|d 2010-05-24
|l 1
|o 301.092 GAN
|p 3010020283
|r 2013-09-29
|s 2013-09-26
|t 1
|w 2010-05-24
|y BK
|